ბათუმის შოთა რუსთაველის სახელმწიფო უნივერსიტეტის ბიბლიოთეკა

Taubblindheit, Hörsehbehinderung : ein Überblick / (ბიბ.ჩანაწერი № 58715)

000 -LEADER
fixed length control field 00692nam a22002057a 4500
005 - DATE AND TIME OF LATEST TRANSACTION
control field 20220705115254.0
008 - FIXED-LENGTH DATA ELEMENTS--GENERAL INFORMATION
fixed length control field 220705s2009ge xxu||||| |||| 00| 0 ger d
020 ## - INTERNATIONAL STANDARD BOOK NUMBER
International Standard Book Number 9783934471771
041 ## - LANGUAGE CODE
Language code of text/sound track or separate title ger
080 ## - UNIVERSAL DECIMAL CLASSIFICATION NUMBER
Universal Decimal Classification number 376 G-29
100 ## - MAIN ENTRY--PERSONAL NAME
Personal name Gudrun, Lemke-Werner
9 (RLIN) 14291
245 ## - TITLE STATEMENT
Title Taubblindheit, Hörsehbehinderung : ein Überblick /
Statement of responsibility, etc. Lemke-Werner Gudrun, Hanne, Pittroff Hanne
264 ## - PRODUCTION, PUBLICATION, DISTRIBUTION, MANUFACTURE, AND COPYRIGHT NOTICE
Place of production, publication, distribution, manufacture Wurzburg :
Name of producer, publisher, distributor, manufacturer Ed. Bentheim,
Date of production, publication, distribution, manufacture, or copyright notice 2009.
300 ## - PHYSICAL DESCRIPTION
Extent 306 p.:
Other physical details Illustr ;
Dimensions 23 cm.
653 ## - INDEX TERM--UNCONTROLLED
keyword Taubblindheit, Hörsehbehinderung : ein Überblick
653 ## - INDEX TERM--UNCONTROLLED
keyword ყრუ-სიბრმავე
653 ## - INDEX TERM--UNCONTROLLED
keyword პედაგოგიკა
700 ## - ADDED ENTRY--PERSONAL NAME
Personal name Hanne, pittroff
9 (RLIN) 14292
942 ## - ADDED ENTRY ELEMENTS (KOHA)
Source of classification or shelving scheme
Koha item type წიგნი
ეგზემპლარები
Withdrawn status Lost status Source of classification or shelving scheme Damaged status Not for loan Permanent Location Current Location Shelving location Date acquired Cost, normal purchase price Full call number Barcode Date last seen Copy number Price effective from Koha item type Public note
          ბათუმის შოთა რუსთაველის სახელმწიფო უნივერსიტეტის მთავარი ბიბლიოთეკა პროფესიული პროგრამების მართვის და უწყვეტი განათლების ცენტრის ბიბლიოთეკა წიგნსაცავი 2022-07-05 10.00 376 G-29 62952 2022-07-05 62952 2022-07-05 წიგნი 10.00